00450nam a2200157Ia 4500003000400000005001700004008004100021040000900062082001700071100003300088245006200121260004300183300000900226942004000235999001700275OSt20200618104349.0190216s9999||||xx |||||||||||||| ||und|| coclc a954.8bRAM/O aRamanappa, M N Venkata93037 0aOutlines Of South Indian History /cM N Venkata Ramanappa bVikas Publications,aNew Delhi:c1979. a267p cBK2ddch954.8iRAM/Ok954.8mRAM/O c19190d19190